000 00357nam a2200133Ia 4500
008 240624s9999 xx 000 0 und d
041 _aeng
082 _a658.421 DOL
100 _aDOLLINGER MARC J
245 _aENTREPRENEURSHIP STRATEGIES AND RESOURCE
260 _c2004
_aresources
_bPearson Education
300 _axxv, : 549 : p. : cm. ; 25
365 _cRS
999 _c1672
_d1672